000 nam a22 7a 4500
999 _c126194
_d126194
005 20170223112036.0
008 170223b xxu||||| |||| 00| 0 eng d
050 _aPR9345.S731
100 _aSoyinka, Wole
_97154
245 _aPalaver
_bthree dramatic discussion starters
_cby Soyinka, Wole, Maine, Abbey and Kabtihimar, Tesfaye
260 _aNew York
_bFriendship Press
_c1971
300 _a39p.;
_c23cm.
650 _aAfrican Literatures
_xCollections
_928982
700 _aMaine, Abbey
_928983
700 _aKabtihimar, Tesfaye
_928984
942 _2lcc
_cMONOGRAPH